000 00821nam a2200253 i 4500
001 bg
100 1 _aLORENCOWICZ, Edmund.
245 1 0 _aPoradnik użytkownika techniki rolniczej w tabelach /
_cEdmund Lorencowicz.
250 _aWyd. 3.
260 _aBydgoszcz :
_bAgencja Promocji Rolnictwa i Agrobiznesu "Apra" :
_bRolniczy Przegląd Techniczny,
_c2002.
300 _a107 s. :
_bil ;
_c21 cm.
500 _aWyd. 1 pt.: Poradnik użytkowania techniki rolniczej w tabelach.
504 _aBibliogr. Indeks.
650 9 _aRolnictwo
_xmechanizacja
650 9 _aRośliny
_xuprawa
655 _aTablice i wzory
020 _a8391453227 ("Apra")
040 _cBPK
041 0 _apol
080 _a631.17:631.5](083)
920 _a83-914532-2-7 ("Apra")
942 _cKS
008 s pl f |000 0 pol
999 _c35423
_d35423
856 _uhttp://koha.tu.koszalin.pl/cgi-bin/koha/opac-detail.pl?biblionumber=35423
_yKatalog online BPK